| 000 | 01295nam a2200325 a 4500 | ||
|---|---|---|---|
| 001 | ebr10457078 | ||
| 003 | CaPaEBR | ||
| 006 | m u | ||
| 007 | cr cn||||||||| | ||
| 008 | 110425s2011 enkab sb 001 0 eng d | ||
| 020 | _z9780956722201 | ||
| 020 | _z9780956722218 (e-book) | ||
| 040 |
_aCaPaEBR _cCaPaEBR |
||
| 035 | _a(OCoLC)777948889 | ||
| 043 | _af-ug--- | ||
| 050 | 1 | 4 |
_aDT433.257 _b.P85 2011eb |
| 100 | 1 | _aPulford, Cedric. | |
| 245 | 1 | 0 |
_aTwo kingdoms of Uganda _h[electronic resource] : _bsnakes and ladders in the scramble for Africa / _cCedric Pulford. |
| 260 |
_aWoodford Halse, U.K. : _bIturi, _c2011. |
||
| 300 |
_axiv, 317 p. : _bill., maps. |
||
| 504 | _aIncludes bibliographical references and index. | ||
| 533 |
_aElectronic reproduction. _bPalo Alto, Calif. : _cebrary, _d2011. _nAvailable via World Wide Web. _nAccess may be limited to ebrary affiliated libraries. |
||
| 650 | 0 |
_aMissions _zUganda _xHistory. |
|
| 651 | 0 |
_aUganda _xHistory. |
|
| 651 | 0 |
_aUganda _xForeign relations _zGreat Britain _xHistory. |
|
| 651 | 0 |
_aUganda _xColonization _xHistory. |
|
| 655 | 7 |
_aElectronic books. _2local |
|
| 710 | 2 | _aebrary, Inc. | |
| 856 | 4 | 0 |
_uhttp://site.ebrary.com/lib/rucke/Doc?id=10457078 _zAn electronic book accessible through the World Wide Web; click to view |
| 999 |
_c123393 _d123393 |
||